| 000 | 00634nam a2200169Ia 4500 | ||
|---|---|---|---|
| 003 | Ost | ||
| 005 | 20260507075701.0 | ||
| 008 | 260507s9999||||xx |||||||||||||| ||und|| | ||
| 040 | _cfsecg | ||
| 041 | _aara | ||
| 100 |
_aبن يونس، عمر محمد _eمؤلف |
||
| 245 | 0 |
_aالمجتمع المعلوماتي والحكومة الالكترونية مقدمة الى العالم الافتراضي وقانونه / _c عمر محمد بن يونس |
|
| 260 |
_aالقاهرة: _bدار النهضة العربية, _c2004 |
||
| 300 | _a355 صفحة؛ | ||
| 653 | _aمعلوماتية - اعلام آلي | ||
| 942 | _cكتاب | ||
| 999 |
_c45814 _d45814 |
||